000 00661nam a2200181 4500
001 122271
003 ES-MaACL
005 20230906191937.0
007 t|
008 070214s1985 sp r ||||1| spa d
100 1 _aPrieto Escudero, Germán.
_993926
245 1 3 _aLa mutualidad profesional en el fondo de pensiones del Estado de bienestar /
_cGermán Prieto Escudero.
260 _aMadrid :
_bCentro de Estudios Constitucionales,
_c1985.
300 _a28 p. ;
_c24 cm.
500 _aSeparata de: Revista de Política Social, 1985, pp. 92 - 120.
710 2 _aCentro de Estudios Constitucionales (España)
_92618
852 _aES-MaACL
_j2135-F-18
_bR.109134
999 _c122271
_d122271